|
|
|
|
| LEADER |
01189nam a22002417a 4500 |
| 008 |
140710b xxu||||| |||| 00| 0 eng d |
| 999 |
|
|
|c 7270
|d 7270
|
| 020 |
|
|
|a 9789383498239
|
| 082 |
|
|
|a 891.443
|b JAR/KRI
|
| 100 |
|
|
|9 10
|a കുമാരനാശാന്
|
| 240 |
|
|
|a Neethipeedam
|
| 245 |
|
|
|a നീതിപീഠം /
|c കെ. കൃഷ്ണന്കുട്ടി
|
| 250 |
|
|
|a 2nd ed.
|
| 260 |
|
|
|a കോട്ടയം :
|b നാഷണല് ബുക്ക് സ്റ്റാള്,
|c 2013.
|
| 300 |
|
|
|a 271p.
|
| 650 |
|
|
|a Novel
|
| 650 |
|
|
|a Bengali literature
|
| 700 |
|
|
|a Jarasandhan
|
| 700 |
|
|
|a Krishnankutty, K.
|
| 942 |
|
|
|2 ddc
|c BK
|
| 952 |
|
|
|0 0
|1 0
|2 ddc
|4 0
|6 891_443000000000000_JARKRI
|7 0
|9 10292
|a MAIN
|b MAIN
|d 2014-07-10
|e National Book Stall
|g 190.00
|o 891.443 JAR/KRI
|p 10445
|r 2014-07-10
|t 1
|w 2014-07-10
|y BK
|
| 952 |
|
|
|0 0
|1 0
|2 ddc
|4 0
|6 891_443000000000000_JARKRI
|7 0
|9 11361
|a MAIN
|b MAIN
|d 2014-10-01
|e National Book Stall (NBS)
|g 190.00
|o 891.443 JAR/KRI
|p 11492
|r 2014-10-01
|t 2
|w 2014-10-01
|y BK
|
| 952 |
|
|
|0 0
|1 0
|2 ddc
|4 0
|6 891_443000000000000_JARKRI
|7 0
|9 13161
|a MAIN
|b MAIN
|d 2015-01-05
|e National Book Stall
|g 190.00
|o 891.443 JAR/KRI
|p 13321
|r 2015-01-05
|t 3
|w 2015-01-05
|y BK
|